[Event "SLO-chT Central 1st League 17th"]
[Site "Slovenia"]
[Date "2016.09.22"]
[Round "1.3"]
[White "Kmetic, Andrej"]
[Black "Mlakar, Slavko"]
[Result "0-1"]
[WhiteElo "1434"]
[BlackElo "1708"]
[PlyCount "74"]
[EventDate "2016.09.22"]
[EventType "team-tourn"]
[EventRounds "7"]
[EventCountry "SLO"]
[SourceTitle "EXT 2023"]
[Source "ChessBase"]
[SourceDate "2022.10.05"]
[SourceVersion "1"]
[SourceVersionDate "2022.10.05"]
[SourceQuality "1"]
[WhiteTeam "Loka Pri Mengsu"]
[BlackTeam "Dom In Agencija Neprem"]
[WhiteTeamCountry "SLO"]
[BlackTeamCountry "SLO"]

1. d4 Nf6 2. Nf3 e6 3. e3 b6 4. Bd3 Bb7 5. Nbd2 d5 6. 0-0 c5 7. b3 Bd6 8. Bb2 0-0 9. Ne5 Qc7 10. f4 Ba6 11. Qe2 Bxd3 12. Qxd3 Nc6 13. Nxc6 Qxc6 14. dxc5 Bxc5 15. Bxf6 gxf6 16. Rf3 Rfd8 17. Rg3+ Kf8 18. Nf3 Ke7 19. Nd4 Qc7 20. Rg7 Rg8 21. Nb5 Qxf4 22. Rxg8 Bxe3+ 23. Kh1 Rxg8 24. Rf1 Qg4 25. g3 Qh3 26. Rf3 Bc5 27. Qe2 h5 28. Nc3 Kf8 29. Qg2 Qg4 30. Rxf6 Qg7 31. Qf3 h4 32. Kg2 hxg3 33. hxg3 Ke7 34. Rf4 Bd6 35. Ra4 Qxg3+ 36. Qxg3 Rxg3+ 37. Kf2 Rxc3 0-1

[Event "SLO-chT 1st League Central"]
[Site "Ljubljana"]
[Date "2012.10.25"]
[Round "8.1"]
[White "Mlakar, Slavko"]
[Black "Globevnik, Iztok"]
[Result "0-1"]
[WhiteElo "1794"]
[BlackElo "1796"]
[PlyCount "68"]
[EventDate "2012.09.06"]
[EventType "team-swiss"]
[EventRounds "9"]
[EventCountry "SLO"]
[SourceTitle "EXT 2019"]
[Source "ChessBase"]
[SourceDate "2018.10.10"]
[SourceVersion "1"]
[SourceVersionDate "2018.10.10"]
[SourceQuality "1"]
[WhiteTeam "Agencija Za Nepremicnine"]
[BlackTeam "Tomo Zupan Vzajemna II"]
[WhiteTeamCountry "SLO"]
[BlackTeamCountry "SLO"]

1. e4 c5 2. Nf3 Nc6 3. d4 cxd4 4. Nxd4 Nf6 5. Nc3 e5 6. Ndb5 d6 7. Be3 a6 8. Na3 b5 9. Ne2 Be6 10. Ng3 Be7 11. Be2 0-0 12. 0-0 Rc8 13. c3 h6 14. Nc2 Qc7 15. Ne1 Rfd8 16. f4 Na5 17. f5 Bc4 18. Nd3 d5 19. Nxe5 dxe4 20. Bd4 Bc5 21. Nxc4 Bxd4+ 22. cxd4 Nxc4 23. Rc1 Qb6 24. Bxc4 Rxc4 25. Ne2 Rdxd4 26. Nxd4 Rxd4 27. Qe1 Rd1+ 28. Qf2 e3 29. Qe2 Rd2 30. Qe1 e2+ 31. Rf2 Ne4 32. f6 Nxf2 33. Rc8+ Kh7 34. Qb1+ g6 0-1

[Event "SLO-chT2 West"]
[Site "Ljubljana"]
[Date "2012.10.20"]
[Round "2.5"]
[White "Anakiev, Dimitar"]
[Black "Mlakar, Slavko"]
[Result "1-0"]
[WhiteElo "2046"]
[BlackElo "1794"]
[PlyCount "65"]
[EventDate "2012.10.19"]
[EventType "team-tourn"]
[EventRounds "9"]
[EventCountry "SLO"]
[SourceTitle "EXT 2022"]
[Source "ChessBase"]
[SourceDate "2021.10.06"]
[SourceVersion "1"]
[SourceVersionDate "2021.10.06"]
[SourceQuality "1"]
[WhiteTeam "Tolmin Hidria"]
[BlackTeam "Trzin Buscotrade"]
[WhiteTeamCountry "SLO"]
[BlackTeamCountry "SLO"]

1. d4 Nf6 2. Nf3 e6 3. Bg5 Be7 4. Nbd2 d5 5. e3 b6 6. c3 0-0 7. Ne5 Nfd7 8. Bxe7 Qxe7 9. f4 f6 10. Nef3 e5 11. Qb3 c6 12. 0-0-0 e4 13. Ng1 a5 14. a3 Bb7 15. f5 b5 16. Nh3 Rc8 17. Nf4 b4 18. c4 Ra7 19. a4 c5 20. Kb1 cxd4 21. exd4 e3 22. Re1 Re8 23. Nxd5 Bxd5 24. cxd5 Nb6 25. d6+ Qf7 26. Rxe3 Qxb3 27. Rxe8+ Kf7 28. Nxb3 Kxe8 29. Bb5+ Kd8 30. Nc5 g6 31. Re1 N8d7 32. Re7 gxf5 33. Rxh7 1-0

[Event "SLO-chT 1st League Central"]
[Site "Ljubljana"]
[Date "2012.10.11"]
[Round "6.1"]
[White "Krumpak, Hinko"]
[Black "Mlakar, Slavko"]
[Result "1-0"]
[WhiteElo "2112"]
[BlackElo "1794"]
[PlyCount "75"]
[EventDate "2012.09.06"]
[EventType "team-swiss"]
[EventRounds "9"]
[EventCountry "SLO"]
[SourceTitle "EXT 2019"]
[Source "ChessBase"]
[SourceDate "2018.10.10"]
[SourceVersion "1"]
[SourceVersionDate "2018.10.10"]
[SourceQuality "1"]
[WhiteTeam "Sticna Visnja Gora"]
[BlackTeam "Agencija Za Nepremicnine"]
[WhiteTeamCountry "SLO"]
[BlackTeamCountry "SLO"]

1. g3 d5 2. Bg2 Nf6 3. d4 Bf5 4. c4 c6 5. Qb3 Qd7 6. Nf3 e6 7. Nc3 Be7 8. Nh4 Bg6 9. Nxg6 fxg6 10. Bf4 0-0 11. 0-0 b6 12. Rad1 Na6 13. e4 Bb4 14. exd5 exd5 15. cxd5 Qf7 16. Qa4 Bxc3 17. bxc3 Nc7 18. Bxc7 Qxc7 19. Qxc6 Rac8 20. Qxc7 Rxc7 21. Rc1 Rfc8 22. Bh3 Rd8 23. Be6+ Kf8 24. c4 Ne4 25. Rfd1 Ng5 26. Bg4 h5 27. Be2 Nh7 28. Bd3 Kf7 29. c5 Nf6 30. d6 Rcc8 31. Ba6 Rb8 32. Re1 Ng8 33. Bc4+ Kf8 34. Bxg8 Kxg8 35. Re7 Ra8 36. Rc7 Kf8 37. Re1 Re8 38. Ree7 1-0

[Event "Ljubljana-chT 64th 2nd League"]
[Site "Ljubljana"]
[Date "2011.03.10"]
[Round "7.1"]
[White "Mlakar, Slavko"]
[Black "Grasic, Marjan"]
[Result "0-1"]
[WhiteElo "1715"]
[BlackElo "1610"]
[PlyCount "120"]
[EventDate "2011.01.13"]
[EventType "team-tourn"]
[EventRounds "9"]
[EventCountry "SLO"]
[SourceTitle "EXT 2022"]
[Source "ChessBase"]
[SourceDate "2021.10.06"]
[SourceVersion "1"]
[SourceVersionDate "2021.10.06"]
[SourceQuality "1"]

1. e4 d5 2. exd5 Nf6 3. Nc3 Nxd5 4. Nxd5 Qxd5 5. Nf3 Bg4 6. Be2 Nc6 7. 0-0 0-0-0 8. Re1 f6 9. c3 e5 10. Nh4 Bxe2 11. Qxe2 Bc5 12. b4 Bb6 13. a4 a6 14. b5 axb5 15. axb5 Na5 16. Ra4 g5 17. Nf5 Qd3 18. Ne3 Qxe2 19. Rxe2 Nb3 20. Ra8+ Kd7 21. Rxd8+ Rxd8 22. Re1 Ra8 23. Kf1 Ra1 24. Bb2 Nxd2+ 25. Ke2 Rxe1+ 26. Kxe1 Bxe3 27. fxe3 Nc4 28. Bc1 Nd6 29. b6 c6 30. Ba3 Ke6 31. Ke2 Nc4 32. Bc5 f5 33. e4 fxe4 34. Be3 Nxe3 35. Kxe3 Kf5 36. h3 h5 37. g3 g4 38. h4 c5 39. c4 Kf6 40. Ke2 e3 41. Kxe3 Kf5 42. Kd3 e4+ 43. Ke2 Ke6 44. Kd2 Kd6 45. Ke2 Kc6 46. Ke3 Kxb6 47. Kxe4 Kc7 48. Kd5 b6 49. Ke4 b5 50. cxb5 Kb6 51. Kd3 Kxb5 52. Kc3 c4 53. Kb2 Kb4 54. Kc2 c3 55. Kc1 Kc4 56. Kc2 Kd4 57. Kc1 Ke3 58. Kc2 Kf3 59. Kxc3 Kxg3 60. Kd3 Kxh4 0-1

[Event "SLO-chT2 West"]
[Site "Slovenia"]
[Date "2010.11.06"]
[Round "3.5"]
[White "Mlakar, Slavko"]
[Black "Kovac, Alojz"]
[Result "0-1"]
[WhiteElo "1735"]
[BlackElo "1980"]
[PlyCount "28"]
[EventDate "2010.11.05"]
[EventType "team-tourn"]
[EventRounds "9"]
[EventCountry "SLO"]
[SourceTitle "EXT 2022"]
[Source "ChessBase"]
[SourceDate "2021.10.06"]
[SourceVersion "1"]
[SourceVersionDate "2021.10.06"]
[SourceQuality "1"]

1. e4 d5 2. exd5 Qxd5 3. Nc3 Qd8 4. Nf3 c6 5. a4 Nf6 6. Bc4 Bf5 7. d4 e6 8. 0-0 Nbd7 9. Re1 Bd6 10. d5 Nb6 11. Bb3 cxd5 12. Nxd5 Nbxd5 13. Bxd5 Nxd5 14. Qxd5 Bxh2+ 0-1

[Event "SLO-chT Central 2nd League"]
[Site "Slovenia"]
[Date "2010.11.04"]
[Round "7.1"]
[White "Unuk, Laura"]
[Black "Mlakar, Slavko"]
[Result "1/2-1/2"]
[WhiteElo "1730"]
[BlackElo "1735"]
[PlyCount "93"]
[EventDate "2010.09.09"]
[EventType "team-tourn"]
[EventRounds "9"]
[EventCountry "SLO"]
[SourceTitle "EXT 2022"]
[Source "ChessBase"]
[SourceDate "2021.10.06"]
[SourceVersion "1"]
[SourceVersionDate "2021.10.06"]
[SourceQuality "1"]
[WhiteTeam "Komenda Utrdba"]
[BlackTeam "Dom In Agencija Neprem"]
[WhiteTeamCountry "SLO"]
[BlackTeamCountry "SLO"]

1. d4 Nf6 2. c4 e6 3. Nf3 b6 4. Nc3 Bb7 5. Bg5 Be7 6. e3 d5 7. Bd3 Nbd7 8. 0-0 0-0 9. a3 c5 10. cxd5 exd5 11. Ne2 Ne4 12. Bxe7 Qxe7 13. Ng3 Nxg3 14. hxg3 Qf6 15. Qe2 g6 16. Bb5 Bc6 17. Bxc6 Qxc6 18. Rac1 Rac8 19. Qd2 Rc7 20. Rc2 Rfc8 21. Rfc1 Qd6 22. Qe2 Nf6 23. Nd2 Qe7 24. Qd1 Qd7 25. Qf3 Qe6 26. Qe2 Qf5 27. Qf3 Qg5 28. Qf4 Qxf4 29. gxf4 Ne8 30. dxc5 bxc5 31. Nb3 c4 32. Nd4 Nd6 33. f3 f5 34. g3 Re7 35. Kf2 Kf7 36. Rh1 Kg7 37. Rhc1 a6 38. Rd1 Rd7 39. Ne6+ Kf6 40. Nd4 Nb5 41. Nxb5 axb5 42. Rcd2 Rcd8 43. Rd4 Ke6 44. R4d2 Rc8 45. Rc2 Rdc7 46. Rdc1 Rd8 47. Rd1 1/2-1/2

[Event "SLO-chT Central 2nd League"]
[Site "Slovenia"]
[Date "2010.09.30"]
[Round "3.1"]
[White "Mlakar, Slavko"]
[Black "Bozic, Anton"]
[Result "0-1"]
[WhiteElo "1735"]
[BlackElo "2087"]
[PlyCount "74"]
[EventDate "2010.09.09"]
[EventType "team-tourn"]
[EventRounds "9"]
[EventCountry "SLO"]
[SourceTitle "EXT 2022"]
[Source "ChessBase"]
[SourceDate "2021.10.06"]
[SourceVersion "1"]
[SourceVersionDate "2021.10.06"]
[SourceQuality "1"]
[WhiteTeam "Dom In Agencija Neprem"]
[BlackTeam "Duplica Balin"]
[WhiteTeamCountry "SLO"]
[BlackTeamCountry "SLO"]

1. e4 c5 2. Nf3 Nc6 3. d4 cxd4 4. Nxd4 Nf6 5. Nc3 a6 6. Bc4 e6 7. a3 Qc7 8. Ba2 Nxd4 9. Qxd4 Bc5 10. Qd1 b5 11. Bg5 Bxa3 12. Bc1 Bb4 13. Qd3 Bb7 14. f3 0-0 15. Bd2 Rac8 16. 0-0 Rfd8 17. Kh1 Be7 18. Rfc1 Bd6 19. h3 Be5 20. Rab1 Nh5 21. Ne2 d5 22. exd5 Bxd5 23. Bxd5 Rxd5 24. Qe3 Rcd8 25. Be1 Ng3+ 26. Kg1 Nxe2+ 27. Qxe2 Bd4+ 28. Kh1 Qf4 29. Bd2 Qf6 30. c3 Be5 31. Be1 Qf4 32. g3 Qh6 33. Kg2 Rd2 34. Bxd2 Rxd2 35. Re1 Qe3 36. Kf1 Rxe2 37. Rxe2 Qxf3+ 0-1

[Event "Ljubljana-chT 63rd 2nd League"]
[Site "Ljubljana"]
[Date "2010.01.28"]
[Round "4.2"]
[White "Mlakar, Slavko"]
[Black "Grasic, Marjan"]
[Result "1-0"]
[WhiteElo "1697"]
[BlackElo "1637"]
[PlyCount "89"]
[EventDate "2010.01.07"]
[EventType "team-tourn"]
[EventRounds "9"]
[EventCountry "SLO"]
[SourceTitle "EXT 2022"]
[Source "ChessBase"]
[SourceDate "2021.10.06"]
[SourceVersion "1"]
[SourceVersionDate "2021.10.06"]
[SourceQuality "1"]
[WhiteTeam "Dom In Agencija Neprem"]
[BlackTeam "Barob Smarca"]
[WhiteTeamCountry "SLO"]
[BlackTeamCountry "SLO"]

1. e4 e5 2. Nf3 Nc6 3. Bb5 a6 4. Ba4 Be7 5. 0-0 b5 6. Bb3 Nf6 7. Re1 d6 8. h3 0-0 9. c3 Nb8 10. d4 Nbd7 11. Bg5 h6 12. Bh4 Bb7 13. Nbd2 Re8 14. Rc1 Bf8 15. Bc2 Rc8 16. b4 c6 17. Bb3 a5 18. a3 a4 19. Ba2 Qb6 20. Nf1 exd4 21. Qd3 c5 22. N1d2 dxc3 23. Rxc3 c4 24. Qc2 d5 25. e5 Nh5 26. Qf5 d4 27. Nxc4 bxc4 28. Rxc4 g6 29. Qxd7 Rcd8 30. Bxd8 Rxd8 31. Qxf7+ Kxf7 32. Rc6+ Kg7 33. Rxb6 Bxf3 34. gxf3 d3 35. Rd1 Nf4 36. Rb7+ Kh8 37. Rc7 Bg7 38. e6 Ne2+ 39. Kf1 Nc3 40. Rd7 Re8 41. Rd2 Nxa2 42. Rxa2 Rxe6 43. Rxd3 Rc6 44. Rad2 Bc3 45. Rc2 1-0

[Event "Ljubljana-chT 62nd 3rd League"]
[Site "Ljubljana"]
[Date "2009.01.15"]
[Round "2.1"]
[White "Skok, Vladimir"]
[Black "Mlakar, Slavko"]
[Result "0-1"]
[WhiteElo "1732"]
[BlackElo "1702"]
[PlyCount "108"]
[EventDate "2009.01.08"]
[EventType "team-tourn"]
[EventRounds "10"]
[EventCountry "SLO"]
[SourceTitle "EXT 2022"]
[Source "ChessBase"]
[SourceDate "2021.10.06"]
[SourceVersion "1"]
[SourceVersionDate "2021.10.06"]
[SourceQuality "1"]

1. e4 c5 2. Nf3 Nc6 3. Nc3 g6 4. a3 a6 5. Bc4 e6 6. d4 cxd4 7. Nxd4 Nge7 8. Bg5 Bg7 9. Nxc6 bxc6 10. Qf3 0-0 11. 0-0 Bb7 12. Rfe1 Re8 13. Bb3 Qc7 14. Bf4 Be5 15. Bxe5 Qxe5 16. Rad1 Rad8 17. Re3 Qg5 18. Qe2 d5 19. exd5 cxd5 20. Rd4 h5 21. f4 Qf6 22. Red3 Nc6 23. Ra4 Ne7 24. Qf2 Nc8 25. Rf3 d4 26. Nd1 Bxf3 27. Qxf3 Rd6 28. Nf2 Qd8 29. Nd3 Ne7 30. Ne5 Nf5 31. Rb4 Qc8 32. Qd3 Qa8 33. Nf3 Red8 34. Kf2 Qa7 35. h3 Ne3 36. Nh4 Kg7 37. Nf3 Nd5 38. Bxd5 Rxd5 39. Ne5 Qc7 40. g3 Rc5 41. Nc4 g5 42. Kf3 gxf4 43. gxf4 Rf5 44. Qd2 e5 45. Qg2+ Kh7 46. Ke2 exf4 47. Qf3 Rg8 48. Kf2 Rg3 49. Qe4 Qc5 50. Nd6 d3+ 51. Rd4 Qxc2+ 52. Kf1 Qd1+ 53. Qe1 Rf3+ 54. Kg2 Rg5+ 0-1

[Event "SLO-chT2 West"]
[Site "Kranj"]
[Date "2008.10.18"]
[Round "6.6"]
[White "Hrovat, Katja"]
[Black "Mlakar, Slavko"]
[Result "0-1"]
[WhiteElo "1506"]
[BlackElo "1698"]
[PlyCount "86"]
[EventDate "2008.10.11"]
[EventType "team-swiss"]
[EventRounds "9"]
[EventCountry "SLO"]
[SourceTitle "EXT 2010"]
[Source "ChessBase"]
[SourceDate "2010.11.25"]
[SourceVersion "1"]
[SourceVersionDate "2010.11.25"]
[SourceQuality "1"]
[WhiteTeam "Komenda Pogi"]
[BlackTeam "Trzin"]
[WhiteTeamCountry "SLO"]
[BlackTeamCountry "SLO"]

1. e4 c5 2. Bc4 e6 3. Nc3 a6 4. a3 Nc6 5. d3 g6 6. Nf3 Bg7 7. Bd2 Nge7 8. h3 d5 9. exd5 exd5 10. Bb3 0-0 11. 0-0 b6 12. Rb1 Bb7 13. Qe1 Re8 14. Bg5 Nd4 15. Nxd4 Bxd4 16. Qd2 Qd6 17. Bf4 Qc6 18. Rfe1 Rad8 19. Kf1 Nf5 20. Rbd1 Bf6 21. Re2 Nd4 22. Ree1 Nb5 23. Re2 Nxc3 24. bxc3 Bxc3 25. Qxc3 d4 26. Qc4 Qxg2+ 27. Ke1 Rxe2+ 28. Kxe2 Qf3+ 29. Kd2 Qxf4+ 30. Ke2 Bf3+ 31. Ke1 Re8+ 32. Kf1 Bxd1 33. Qxf7+ Qxf7 34. Bxf7+ Kxf7 35. h4 Bxc2 36. f3 Bxd3+ 37. Kf2 Bc4 38. f4 d3 39. Kf1 d2+ 40. Kf2 d1Q 41. Kg3 Re3+ 42. Kf2 Qd2+ 43. Kg1 Re1# 0-1